Largest Countries Containing 'K' - Statistics

General Stats
  • This quiz has been taken 462 times
    460 since last reset
  • The average score is 14 of 20
Answer Stats
km Country mi % Correct
2,724,900 Kazakhstan 1,052,100
98%
199,951 Kyrgyzstan 77,202
90%
242,900 United Kingdom 93,800
89%
580,367 Kenya 224,081
87%
488,100 Turkmenistan 188,500
84%
881,912 Pakistan 340,508
82%
783,562 Turkey 302,535
81%
811 Kiribati 313
77%
143,100 Tajikistan 55,300
77%
447,400 Uzbekistan 172,700
76%
603,500 Ukraine 233,000
75%
17,818 Kuwait 6,880
71%
10,887 Kosovo 4,203
69%
120,538 North Korea 46,540
68%
100,210 South Korea 38,690
68%
261 St Kitts & Nevis 101
55%
49,037 Slovakia 18,933
53%
43,094 Denmark 16,639
50%
272,967 Burkina Faso 105,393
45%
65,610 Sri Lanka 25,330
40%
No matching quizzes found
Score Distribution
Percent of People with Each Score
Percentile by Number Answered
Your Score History
You have not taken this quiz since the last reset